| 000 | 00355 a2200133 4500 | ||
|---|---|---|---|
| 001 | 89193 | ||
| 082 | _a297.4 RAF | ||
| 090 |
_c42143 _d42143 |
||
| 100 | _aAhmed Rafiq Akhtar Professor | ||
| 245 | _aPaish e Khidmat Rasool (Sallallaho Alaihe Wasallam) | ||
| 260 |
_aLahore _bSang-e-meel Publications _c2014 |
||
| 300 | _a240p. | ||
| 500 | _aGeneral Books | ||
| 942 |
_aCAE NUST _k297.4 RAF |
||
| 999 |
_c324266 _d324266 |
||